Statistics for Top Ten Baby Boy Names In Minnesota In 2023

Click here to take the quiz!

General Stats

  • This quiz has been taken 45 times
  • The average score is 6 of 10

Answer Stats

Baby'sNames% Correct
256Jack
73%
217Noah
73%
273Liam
70%
208James
67%
256William
67%
318Oliver
63%
198Benjamin
60%
350Henry
43%
252Owen
40%
292Theodore
33%

Score Distribution

Percentile by Number Answered

Percent of People with Each Score

Your Score History

You have not taken this quiz